[Event "Clutch Chess 2020"]
[Site "Online"]
[Date "2020.05.26"]
[Round "1.1"]
[White "Nakamura, Hikaru"]
[Black "So, Wesley"]
[Result "1/2-1/2"]
[WhiteElo "2829"]
[BlackElo "2741"]
[Annotator "TA"]
[PlyCount "95"]
[EventDate "2020.05.24"]
[EventType "k.o."]
[SourceTitle "playchess.com"]
[Source "ChessBase"]
[SourceQuality "1"]

{[%evp 13,95,5,16,0,0,0,0,0,0,0,0,0,0,0,0,0,0,0,30,0,0,-16,-14,-20,0,-41,-39,-39,-54,-37,-31,-95,0,-39,-11,-29,0,0,0,0,0,0,65,65,83,83,67,62,64,55,72,73,75,72,87,76,62,38,38,42,41,14,16,8,8,8,8,0,0,0,0,0,0,0,0,0,0,0,0,0,0,0,0,0]} 1. d4 Nf6 2. c4 e6 3. Nf3 d5 4. Nc3 Be7 5. Bf4 O-O 6. e3 Nbd7 7. c5 Nh5 8. Be2 {D37: Queen's Gambit Declined: 5 Bf4.} (8. Bd3 Nxf4 9. exf4 b6 10. b4 a5 11. a3 c6 12. O-O Ba6 13. Bxa6 Rxa6 14. Qe2 Ra7 15. g3 Bf6 16. Ne5 Bxe5 17. fxe5 Qa8 18. Rab1 axb4 19. axb4 Rb8 20. Qc2 Nf8 21. f4 Ng6 22. f5 exf5 23. Qxf5 bxc5 24. bxc5 Rxb1 25. Rxb1 {½-½ (70) Nakamura,H (2745)-So,W (2767) chess.com INT 2020}) 8... Nxf4 9. exf4 b6 10. b4 a5 11. a3 c6 12. O-O Qc7 {[%cal Rb6c5]} 13. g3 axb4 14. axb4 Rxa1 15. Qxa1 f6 16. Re1 bxc5 17. bxc5 e5 {[#]} 18. Bf1 $146 ({Predecessor:} 18. Bd3 g5 19. Qb1 Rf7 20. fxe5 fxe5 21. Nxe5 Nxe5 22. Rxe5 Bd7 23. Ne2 Bf6 24. Re3 {½-½ (48) Grischuk,A (2766)-Karjakin,S (2782) Paris 2018}) 18... e4 19. Nd2 f5 20. Nb3 Bf6 21. Rb1 Re8 22. Nd1 {[#]} (22. Qa4 $15) 22... g5 (22... Nf8 $1 $17 23. Qc3 Bd7) 23. fxg5 $15 Bxg5 24. Qa5 $1 {[%cal Ra5c7]} Bd8 (24... Qb7 {is interesting.} 25. Nc3 Nf6 26. Qa2 Qf7 27. Na5 Bd7) 25. Qxc7 Bxc7 26. Ra1 Nf8 27. Bh3 f4 (27... Be6 $11) 28. Ra8 $1 $36 {[%cal Ra8c8][%mdl 2048] White has the initiative.} Bd7 {[#]} 29. Bxd7 $1 {[%mdl 512]} Rxa8 (29... Nxd7 30. Rxe8+) 30. Bxc6 {[%mdl 64] Double Attack} Rb8 31. Nc3 Kg7 32. Bxd5 e3 33. fxe3 fxe3 34. Kf1 h5 35. Nd1 Re8 36. Ke2 Ng6 37. Bf3 {aiming for d5.} h4 {The position is equal.} 38. Nxe3 hxg3 39. hxg3 Bxg3 {Threatens to win with ...Bf4.} 40. Na5 Nf4+ (40... Bf4 $5 41. Nac4 $8 Bxe3 42. Nxe3 Nf4+ 43. Kd2 Ne6 $11) 41. Kd2 Be1+ {[%mdl 64] Decoy} 42. Kxe1 Rxe3+ $11 {[%mdl 4160] Endgame Double Attack. KRN-KBN} 43. Kf2 Rd3 44. c6 {c7 is the strong threat.} Nh3+ 45. Ke2 Nf4+ 46. Kf2 {Black must now prevent c7.} Nh3+ 47. Ke2 Nf4+ 48. Kf2 {Accuracy: White = 86%, Black = 88%.} 1/2-1/2

[Event "Clutch Chess 2020"]
[Site "Online"]
[Date "2020.05.26"]
[Round "1.1"]
[White "Dominguez Perez, Leinier"]
[Black "Caruana, Fabiano"]
[Result "1/2-1/2"]
[WhiteElo "2786"]
[BlackElo "2773"]
[Annotator "TA"]
[PlyCount "152"]
[EventDate "2020.05.24"]
[EventType "k.o."]
[SourceTitle "playchess.com"]
[Source "ChessBase"]
[SourceQuality "1"]

{[%evp 12,151,37,49,35,0,0,0,0,0,1,28,6,27,35,26,33,38,39,32,47,0,0,1,14,3,48,0,0,-150,-150,-137,-136,-327,-339,-328,-241,-285,-277,-398,-399,-452,-362,-428,0,0,0,0,0,0,0,0,0,0,0,0,0,-70,-89,-37,-8,-8,0,-2,-8,-36,-41,-35,-39,-55,-17,-14,-20,-22,-8,-17,0,0,0,0,0,0,0,-29966,-29964,-29971,-29966,-29966,-29967,-29967,-29967,-29968,-29969,-12845,0,0,0,0,0,0,0,0,0,0,0,0,0,0,0,0,0,0,0,0,0,0,0,0,0,0,0,-49,0,0,0,0,0,0,0,0,0,0,0,0,0,0,0,0,0,0,0,0]} 1. e4 e5 2. Nf3 Nc6 3. Bb5 a6 4. Ba4 Nf6 5. O-O Bc5 6. c3 b5 7. Bc2 d5 {C78: Ruy Lopez: Archangelsk and Möller Defences.} 8. exd5 (8. a4 dxe4 9. axb5 exf3 10. Qxf3 e4 11. Bxe4 Ne5 12. Qe2 O-O 13. d4 Bg4 14. Qc2 Nxe4 15. Qxe4 Nf3+ 16. gxf3 Bh3 17. dxc5 Bxf1 18. Kxf1 Qd1+ {½-½ (58) Dominguez Perez,L (2763)-Caruana,F (2818) Saint Louis 2019}) 8... Qxd5 {[#]} 9. d4 $1 {[%mdl 512]} exd4 10. Bb3 Qd6 11. Re1+ Be6 12. Ng5 {[%cal Rg5e6] [#]} O-O-O $146 ({Predecessor:} 12... Nd8 13. Qf3 O-O 14. Bf4 Qb6 15. Be5 Bxb3 16. axb3 dxc3 17. Nxc3 Bxf2+ 18. Qxf2 Qxf2+ 19. Kxf2 {½-½ (51) Kotronias,V (2486)-Kollars,D (2567) Aarhus 2019}) 13. Bxe6+ (13. Nxe6 fxe6 14. Rxe6 Qd7 $15) 13... fxe6 14. Nf7 Qe7 15. Nxd8 Rxd8 16. Qf3 Nd5 $36 {[%mdl 2048] Black has some pressure.} 17. Qe4 Rf8 18. Rf1 Rf5 19. a4 Qf6 {[%cal Rd4c3]} 20. Nd2 (20. axb5 $11 axb5 21. Ra2) 20... dxc3 $17 {[%cal Rf5f2]} 21. Nf3 Nd4 {[%cal Rd4f3]} ({Inferior is} 21... cxb2 22. Bxb2 $1 {[%mdl 512]} Qe7 23. axb5 $16) 22. bxc3 $2 (22. axb5 $17 Nxf3+ 23. gxf3 Rxf3 24. Kh1 axb5 25. bxc3) 22... Nxf3+ $19 23. gxf3 Nxc3 (23... Rxf3 $2 24. Kh1 $17) 24. Qa8+ Kd7 25. Be3 (25. axb5 $142 Ne2+ {[%mdl 64] Discovered Attack} 26. Kh1) 25... Bd6 ({Less strong is} 25... Bxe3 26. fxe3 Rd5 27. axb5 $17) 26. f4 Nd5 27. axb5 Qg6+ $2 ({Black should play} 27... Rxf4 $19 28. Qc6+ Ke7 29. Bxf4 Qxf4) 28. Kh1 $11 Rh5 29. Qc6+ Ke7 30. Rg1 $1 {[%cal Rg1g6]} Qe4+ {[%mdl 64] Double Attack} 31. Rg2 axb5 32. Ra8 Kf6 33. Qd7 Be7 {[#]} 34. Qe8 (34. Bc5 $1 $11 {[%mdl 512]} Bxc5 35. Qxg7+ Kf5 36. Qg4+ {[%mdl 64] Double Attack} Kf6 37. Qg7+ Kf5 38. Qg4+ {[%mdl 64] Double Attack} Kf6 39. Qg7+) 34... Nxe3 35. fxe3 Rc5 {[%cal Rc5c1]} (35... Rd5 $5 36. Ra1 $8 Rd2 $15) 36. Ra1 Rc2 {[%csl Gc2][%cal Re4g2]} 37. Rag1 Rxg2 38. Rxg2 Qxe3 {...Qc1+ is the strong threat.} 39. Qxb5 {[%mdl 4096] Endgame KQR-KQB} Bc5 ({But not} 39... Qxf4 $2 40. Qb2+ Kf7 41. Rf2 $18) 40. Qf1 g6 41. Rg3 Qe4+ 42. Qf3 $1 {[%cal Rf3e4]} Qxf3+ (42... Qa4 {is interesting.} 43. Kg2 Bd6 44. Qc3+ Kf7 45. Rf3 Qa2+) 43. Rxf3 {KR-KB} Bd4 44. Kg2 Kf5 45. Rh3 Kxf4 46. Rxh7 c5 47. Re7 $2 {[%mdl 8192]} (47. Rh6 $11) 47... e5 48. h4 c4 49. Re6 c3 50. Rxg6 Ke3 51. Rc6 e4 52. h5 Kd2 $2 ({Black should try} 52... Kd3 $19 53. h6 e3) 53. Rd6 Ke3 {aiming for ...c2.} 54. Rxd4 Kxd4 {KPP-KP} 55. h6 {Black must now prevent h7.} c2 56. h7 c1=Q 57. h8=Q+ {KQ-KQ} Kd3 58. Qd8+ Ke2 {Threatens to win with ...Qf1+.} 59. Qf6 Qd2 (59... e3 $5 60. Qa6+ $8 Kd1 $11) 60. Qf5 Ke1+ 61. Kg1 {[%csl Gg1][%cal Rf5f1]} Qd4+ 62. Kg2 Qd3 {And now ...Qc2+ would win.} 63. Qf2+ Kd1 64. Qf5 Qe2+ 65. Kg3 Qd3+ 66. Kg4 Qd4 {Hoping for ...Qe3.} 67. Kf4 {The position is equal.} e3+ 68. Kf3 Kd2 (68... e2 $5 69. Qb1+ $8 Kd2 70. Qa2+ Kd3 71. Qxe2+ Kc3 $11) 69. Qa5+ Kc2 70. Qa2+ Kc3 71. Qa1+ Kc4 72. Qxd4+ Kxd4 73. Ke2 Ke4 74. Ke1 Kd3 {( -> ...e2)} 75. Kd1 e2+ 76. Ke1 Ke3 {Black had all chances to win. Accuracy: White = 79%, Black = 88%.} 1/2-1/2

[Event "Clutch Chess 2020"]
[Site "Online"]
[Date "2020.05.26"]
[Round "1.2"]
[White "Caruana, Fabiano"]
[Black "Dominguez Perez, Leinier"]
[Result "1-0"]
[WhiteElo "2773"]
[BlackElo "2786"]
[Annotator "TA"]
[PlyCount "111"]
[EventDate "2020.05.24"]
[EventType "k.o."]
[SourceTitle "playchess.com"]
[Source "ChessBase"]
[SourceQuality "1"]

{[%evp 20,111,-7,-10,0,-50,0,-13,0,0,0,0,0,0,0,0,14,14,21,4,0,25,22,0,12,10,47,22,35,16,60,41,39,0,49,20,19,18,27,34,30,32,50,0,0,0,69,10,8,0,0,0,0,0,0,0,39,41,19,28,113,127,274,274,264,260,252,224,212,-40,-45,-32,417,417,417,412,399,392,447,439,439,439,439,433,499,473,458,417,417,391,391,391,385,381]} 1. d4 Nf6 2. c4 e6 3. Nc3 Bb4 4. e3 O-O 5. Bd3 d5 6. Nf3 dxc4 7. Bxc4 c5 8. O-O cxd4 9. exd4 b6 10. a3 Bxc3 11. bxc3 Qc7 {E54: Nimzo-Indian: Rubinstein: Main Line: 7...dxc4 8 Bxc4.} 12. Bd3 $5 {[%mdl 4] Exploring less charted territory.} Ba6 13. Bg5 Bxd3 {The position is equal.} 14. Qxd3 Nbd7 15. c4 Rac8 16. Rac1 {[#]} h6 $146 ({Predecessor:} 16... Rfd8 17. Qe3 Re8 18. h3 Qb7 19. Rfe1 Rc7 20. Bf4 Rc6 21. Ne5 Nxe5 22. Bxe5 {½-½ (56) Gibbs,P-Smith,G England 1967}) 17. Bh4 Qb7 18. Rfe1 Rc6 19. a4 Rfc8 20. Nd2 Qa6 21. h3 Qa5 22. Bg3 Qa6 23. Red1 Qa5 24. Rb1 Qa6 25. Qb3 Qa5 26. Qd3 Qa6 27. Rdc1 Qa5 28. Qc2 Qa6 29. Rb5 Nd5 30. Qb3 Ne7 31. Nf3 Nf5 32. Bf4 Nd6 (32... Nf8 $11) 33. Bxd6 (33. d5 $1 $14 exd5 34. Rxd5) 33... Rxd6 $11 34. Re1 Rdc6 35. Nd2 Rd6 36. Qb2 Nf6 37. a5 Rcd8 38. Nf3 Nd7 39. Qb4 Rc6 {[#]} (39... Nb8 $1 $11) 40. d5 $1 $36 {[%cal Rd5c6][%mdl 2048] White is on the roll.} exd5 (40... Rcc8 $16) 41. Rxd5 $18 {aiming for Qe7!} ({Not} 41. cxd5 Rc5 $11) 41... Qxc4 42. Qxc4 Rxc4 43. axb6 axb6 44. Re7 $2 {[#]} ({Better is} 44. Ne5 $18 Rc7 45. Red1) 44... Rc7 $15 45. Ne5 {[%cal Re5d7]} Rc5 $2 {[%mdl 8192]} (45... Nf8 $15 {keeps the upper hand.} 46. Rxd8 Rxe7) 46. Rdxd7 $18 Rxd7 47. Nxd7 {[%mdl 4096] Endgame KRN-KR} Rc1+ 48. Kh2 Rc2 49. f3 b5 50. Re8+ Kh7 51. Rb8 Rb2 52. Nf8+ Kg8 53. Ne6+ Kh7 {White is winning.} 54. Nd4 b4 55. Nc6 b3 56. Nd4 {Accuracy: White = 81%, Black = 67%.} 1-0

[Event "Clutch Chess 2020"]
[Site "Online"]
[Date "2020.05.26"]
[Round "1.2"]
[White "So, Wesley"]
[Black "Nakamura, Hikaru"]
[Result "1/2-1/2"]
[WhiteElo "2741"]
[BlackElo "2829"]
[Annotator "TA"]
[PlyCount "130"]
[EventDate "2020.05.24"]
[EventType "k.o."]
[SourceTitle "playchess.com"]
[Source "ChessBase"]
[SourceQuality "1"]

{[%evp 21,130,9,8,0,0,0,7,0,0,0,0,-2,0,0,-4,-9,0,0,-5,-12,0,0,6,25,20,11,53,49,50,51,75,59,56,58,52,48,48,61,83,78,75,76,77,78,77,74,77,47,46,0,78,75,76,75,86,78,89,85,87,78,78,78,71,68,73,75,76,59,74,42,42,42,49,41,41,18,18,11,41,41,41,41,41,41,41,41,41,41,41,35,41,41,41,0,14,14,14,14,47,14,33,14,33,33,33,33,33,3,3,3,3]} 1. d4 Nf6 2. c4 e6 3. Nf3 d5 4. g3 Be7 5. Bg2 O-O 6. O-O dxc4 7. Qc2 a6 8. a4 Bd7 9. Bg5 Bc6 10. Qxc4 Nbd7 11. Nc3 h6 12. Bf4 {E05: Open Catalan: 5 Nf3 Be7.} Bd6 13. Bd2 Qe7 {[#]} 14. Rfe1 $146 ({Predecessor:} 14. Qd3 Bb4 15. Rfe1 Rfd8 16. Qc2 Bxc3 17. Qxc3 Ne4 18. Qb4 Qxb4 19. Bxb4 a5 20. Bc3 {1-0 (76) Zugrav,W (2579)-Krimbacher,W (2250) ICCF email 2014}) 14... Ne4 15. Qd3 Nxd2 16. Qxd2 Bxf3 17. Bxf3 c6 18. a5 Rad8 19. Qc2 Nf6 20. Red1 Rfe8 21. Qb3 e5 22. d5 e4 23. Bg2 cxd5 (23... e3 {with more complications.} 24. f4 c5 25. Rd3 Qc7 26. Ra4 Rc8) 24. Nxd5 Nxd5 25. Rxd5 e3 {[#] Threatens to win with ...exf2+.} 26. Qxe3 Qxe3 27. fxe3 Be5 28. Rb1 Rxd5 29. Bxd5 $14 {[%mdl 4096] Endgame KRB-KRB} Rb8 30. Rf1 Bf6 31. e4 b6 32. e5 Bxe5 33. Rxf7 Kh7 34. Be4+ Kg8 35. Bd5 Kh7 36. axb6 Rxb6 37. b3 Kg6 38. Re7 Bf6 39. Rd7 Kf5 40. Bc4 Ke4 41. Kf2 Bd4+ 42. Ke1 Bc3+ 43. Kd1 Bf6 44. Ra7 Ke3 45. Rxa6 (45. Ke1 {seems wilder.} Bc3+ 46. Kf1 Bf6 47. Kg2 Be5 48. Ra8) 45... Rxa6 46. Bxa6 $16 {KB-KB} Bc3 47. Kc2 Be1 48. Kb2 Bb4 49. Bb5 Kd4 50. Be8 Ke3 51. Bh5 Kd4 52. Kc2 Ke3 53. Bf3 Be1 54. Kb2 Bb4 55. h4 g6 56. g4 Kd4 57. e4 g5 58. hxg5 hxg5 59. Kc2 Ba3 60. Bh1 Be7 61. Bg2 Bf8 62. Kd2 Bb4+ 63. Ke2 Bd6 64. Kf3 Kc3 65. Ke3 Be5 {Accuracy: White = 89%, Black = 93%.} 1/2-1/2

[Event "Clutch Chess 2020"]
[Site "Online"]
[Date "2020.05.26"]
[Round "1.3"]
[White "Nakamura, Hikaru"]
[Black "So, Wesley"]
[Result "1/2-1/2"]
[WhiteElo "2829"]
[BlackElo "2741"]
[Annotator "TA"]
[PlyCount "115"]
[EventDate "2020.05.24"]
[EventType "k.o."]
[SourceTitle "playchess.com"]
[Source "ChessBase"]
[SourceQuality "1"]

{[%evp 11,115,4,25,5,11,6,8,9,33,23,29,-7,14,20,29,23,22,-15,0,0,6,-6,0,-9,0,0,0,0,0,-9,0,-8,0,-6,0,-3,-2,-2,0,-7,0,0,0,-133,-140,-122,0,0,0,-56,0,0,0,-67,-71,-69,-67,-97,-54,-54,-54,-71,-56,-66,-22,-24,-29,-87,-94,-87,-75,-90,-68,-77,0,-51,0,0,0,0,0,0,0,0,0,-18,0,0,0,-205,-205,-206,-245,-239,-241,-627,0,-62,-69,-600,0,-1,-2,-9,0,0]} 1. d4 Nf6 2. c4 e6 3. Nf3 d5 4. Nc3 Be7 5. Bf4 O-O 6. e3 b6 7. a3 {D37: Queen's Gambit Declined: 5 Bf4.} (7. Rc1 Bb7 8. cxd5 Nxd5 9. Nxd5 Qxd5 10. a3 c5 11. Bc4 Qd8 12. O-O Bf6 13. dxc5 Bxb2 14. Rb1 Qxd1 15. Rfxd1 Bxa3 16. Bd6 Bxf3 17. gxf3 Rc8 18. cxb6 axb6 19. Bxa3 Rxa3 20. Rxb6 {½-½ (29) Nakamura,H (2743)-So,W (2776) Saint Louis 2019}) 7... Bb7 8. cxd5 Nxd5 9. Nxd5 Bxd5 {9...exd5 is more advanced technology.} 10. Bd3 c5 11. O-O cxd4 (11... c4 $5 {[%cal Rc4d3]} 12. Be2 Nd7 $11) 12. Nxd4 {[#]} Nd7 $146 {[%cal Bb8d7,Bd7f6,Bf6e4][%mdl 32]} ({Predecessor:} 12... Bf6 13. Nb5 Na6 14. Bd6 Be7 15. Be5 Nc5 16. Bc2 Bf6 17. Qd4 Bc6 18. Nd6 Bxe5 19. Qxe5 {0-1 (58) Abdalla,L (1914)-Viana da Costa,F (2288) Sao Paulo 2006}) 13. Bb5 Rc8 14. Nf5 Nf6 15. Nxe7+ Qxe7 16. Qe2 e5 17. Bg5 h6 18. Bh4 g5 19. Bg3 Ne4 20. Rfd1 Qe6 21. Ba6 Rc5 22. f3 Nxg3 23. hxg3 Bc4 24. Bxc4 Qxc4 25. Qf2 Rfc8 26. Rd2 Qb3 27. Re1 (27. Rad1 $1 $11 {keeps the balance.}) 27... Rc2 $36 {[%mdl 2048] Keeping White busy.} 28. Ree2 {[%cal Rd2c2] [#]} Rc1+ (28... Rxb2 $1 $17 {[%mdl 512]} 29. Rxb2 Rc1+ 30. Qf1 (30. Kh2 Qd1 $17) 30... Rxf1+ 31. Kxf1 Qxa3) 29. Kh2 $11 Qa2 30. Rc2 ({White should play} 30. g4 $11) 30... Qb1 (30... R8xc2 $15 31. Rxc2 Ra1 32. Rc8+ Kg7) 31. Rxc8+ Rxc8 {[%mdl 4096] Endgame KQR-KQR} 32. Re1 (32. g4 $1 $11) 32... Rc2 $15 33. Rxb1 Rxf2 $17 {KR-KR} 34. e4 Kg7 35. g4 Rc2 36. a4 Kf6 37. Kg3 Ke7 38. b3 $1 Rc3 39. a5 (39. Kf2 $1 $11 {remains equal.}) 39... bxa5 40. Ra1 Rc5 41. Rh1 Rc6 42. Ra1 Rc5 43. Rh1 $1 Rb5 (43... f6 $15) 44. Rxh6 $11 Rb6 45. Rh5 $1 {[%cal Rh5g5]} Rxb3 {Strongly threatening ...a4.} 46. Rxg5 Rb5 {And now ...a4 would win.} 47. Rh5 a4 {[%cal Ba5a4,Ba4a3][%mdl 32] Threatens to win with ...a3.} 48. Rh1 a3 49. Ra1 Ra5 {aiming for ...Kd6.} 50. Kf2 $2 (50. Kh4 $11 {and White stays safe.}) 50... Kd6 $1 $19 51. Ke2 Kc5 $1 {[%cal Rc5b4]} 52. Kd3 Kb4 $1 {...a2 is the strong threat.} 53. Rb1+ $2 (53. Kc2) 53... Kc5 $2 (53... Ka4 $1 $19 {Hoping for ...a2.} 54. Kc4 Rb5 $3 {[%mdl 576] Promotion} 55. Rxb5 a2 56. Rb4+ Ka5 57. Rb5+ (57. Rb7 $2 a6 $19) 57... Ka6 58. Rxe5 a1=Q) 54. Rc1+ (54. Ra1 $11) 54... Kb5 $1 $15 55. Rb1+ $2 {[%mdl 8192] [#]} (55. Kc2 $15) 55... Kc5 $2 ({Black should try} 55... Ka4 $1 $19 {White must now prevent ...a2.} 56. Ra1 Rb5) 56. Rc1+ {The position is equal.} Kd6 57. Ra1 Kc5 58. Rc1+ $1 {Accuracy: White = 67%, Black = 82%.} 1/2-1/2

[Event "Clutch Chess 2020"]
[Site "Online"]
[Date "2020.05.26"]
[Round "1.3"]
[White "Dominguez Perez, Leinier"]
[Black "Caruana, Fabiano"]
[Result "0-1"]
[WhiteElo "2786"]
[BlackElo "2773"]
[Annotator "TA"]
[PlyCount "118"]
[EventDate "2020.05.24"]
[EventType "k.o."]
[SourceTitle "playchess.com"]
[Source "ChessBase"]
[SourceQuality "1"]

{[%evp 12,118,43,35,48,36,44,28,37,43,60,51,63,72,58,69,81,83,86,86,86,82,82,82,82,82,63,61,55,60,67,64,71,0,0,0,0,0,0,0,0,0,0,0,0,0,0,0,0,0,91,63,65,65,78,72,73,29,39,18,16,16,34,29,114,111,116,27,92,95,196,156,171,0,118,78,65,0,0,0,0,0,0,-31,-14,-31,-32,-83,-59,-267,-245,-570,-533,-400,-403,-868,-861,-1861,-1566,-29973,-29976,-29975,-29977,-29977,-29979,-29977,-29979,-29978,-29976]} 1. e4 e5 2. Nf3 Nc6 3. Bb5 a6 4. Ba4 Nf6 5. O-O Bc5 6. c3 b5 7. Bc2 d5 {C78: Ruy Lopez: Archangelsk and Möller Defences.} 8. a4 dxe4 9. axb5 $1 Bg4 {[%mdl 64] Pin. White has an edge.} (9... exf3 10. Qxf3 e4 11. Bxe4 Ne5 12. Qe2 O-O 13. d4 Bg4 14. Qc2 Nxe4 15. Qxe4 Nf3+ 16. gxf3 Bh3 17. dxc5 Bxf1 18. Kxf1 Qd1+ 19. Qe1 Qxf3 20. Be3 axb5 21. Rxa8 Rxa8 {½-½ (58) Dominguez Perez,L (2763)-Caruana,F (2818) Saint Louis 2019}) 10. bxc6 exf3 11. gxf3 Bh3 12. Re1 $1 O-O 13. Ra5 Qd6 14. b4 {[#]} Bxf2+ $5 $146 {[%mdl 8] New and interesting.} ({Predecessor:} 14... Bb6 15. Raxe5 Qxc6 16. d4 Rad8 17. Bf4 g6 18. Bg3 Be6 19. Bh4 Kg7 20. Nd2 Nd7 {1-0 (43) Wei,Y (2709)-Bu,X (2715) Shenzhen 2016}) 15. Kxf2 e4 16. Kg1 {aiming for Rg5.} Rae8 17. Re3 $1 {[%cal Rf3e4]} (17. Rxa6 exf3 18. Rxe8 f2+ 19. Kxf2 Rxe8 20. Kg1 Qd5 21. Qe2 Rxe2 22. Ra8+ Ne8 23. Rxe8+ Rxe8 24. Be4 Qxe4 25. Kf2 Qg2#) 17... Nh5 18. Rg5 $1 (18. Rxe4 f5 $17) 18... Qh6 19. Rg3 Nxg3 20. hxg3 exf3 21. Qxf3 Re6 $1 {[%cal Re6f6]} 22. Qf4 ({White should play} 22. Bd3 $1 $16) 22... g5 $1 $36 {[%cal Rg5f4][%mdl 2048] Black is more active.} 23. Qd4 (23. Qxc7 Qf6 24. Bd3 Rxe3 25. Qf4 gxf4 26. Bxh7+ Kxh7 27. Kf2 Qxc6 $1 {[%mdl 512]} 28. dxe3 Qg2+ 29. Ke1 Bg4 30. gxf4 Qe2#) 23... Rd6 24. Qe5 {And now c4 would win.} Re6 25. Qd4 {c4 is the strong threat.} (25. Qxc7 Qf6 26. Bd3 Rxe3 27. Qf4 gxf4 28. Bxh7+ Kxh7 29. Kf2 Qxc6 $1 {[%mdl 512]} 30. dxe3 Qg2+ 31. Ke1 Bg4 32. gxf4 Qe2#) 25... Rd6 26. Qe4 Rf6 {( -> ...Rf1+)} 27. Bd3 $1 Bf5 28. Qd5 Bxd3 29. Qxd3 (29. Rxd3 $2 Qh5 $19) 29... Qh3 {Threatens to win with ...Rh6.} 30. Qe2 $1 Rxc6 (30... Rh6 $11 {remains equal.} 31. Qg2 Qg4) 31. Qg2 (31. d3 {is more complex.} h6 32. Qf3 Re6 33. Nd2 Rxe3 34. Qxe3 Qe6 35. Qxe6 fxe6 36. Nc4) 31... Qxg2+ 32. Kxg2 f6 33. d4 Kf7 34. Nd2 (34. d5 {looks sharper.} Rb6 35. Rf3 a5 36. Bxg5 axb4 37. cxb4 Kg6 38. Bd2) 34... Re6 35. Nb3 (35. Ne4 {keeps more tension.} c6 36. g4 Kg6 37. Kf3 Rh8 38. Ng3) 35... Rxe3 36. Bxe3 h5 37. d5 Rb8 (37... Rd8 $1 $11) 38. Nc5 $16 Ra8 39. Nb7 (39. Ne6 $1 $16) 39... Ke7 (39... Kg6 $11 {keeps the balance.}) 40. c4 Kd7 (40... Rb8 $16 41. Na5 Kf7) 41. Nc5+ Kd6 42. Nb7+ ({White should try} 42. Bd4 $1 $18) 42... Kd7 43. Na5 Re8 44. Kf3 (44. Bd4 $14) 44... h4 $11 45. gxh4 gxh4 46. Bf4 Re1 47. Nb3 Kc8 {[%mdl 1024] Hoping for ...Rf1+. Black has compensation.} 48. Nc5 Rf1+ 49. Ke3 {[#]} (49. Ke4 $15) 49... h3 $1 $17 {White must now prevent ...Rxf4!} 50. Ne4 $2 ({Wrong is} 50. Nxa6 $2 {[#]} Rxf4 $1 {[%mdl 512]} 51. Kxf4 h2 $19) (50. Nd3 $15) 50... Rb1 $19 51. b5 $2 ({Of course not} 51. Nxf6 Rxb4 52. Kd4 a5) (51. d6 {is a better chance.}) 51... a5 52. d6 f5 53. Nf2 (53. Nc3 $142 Rf1 54. Bh2 (54. dxc7 $2 Rxf4 55. Nd5 Rf1 $19)) 53... a4 54. c5 a3 55. c6 cxd6 {Black mates.} 56. Bxd6 a2 57. b6 a1=Q 58. b7+ {[#]} Rxb7 $1 59. cxb7+ Kxb7 {Quite a comeback for Black. Accuracy: White = 56%, Black = 87%.} 0-1

[Event "Clutch Chess 2020"]
[Site "Online"]
[Date "2020.05.26"]
[Round "1.4"]
[White "Caruana, Fabiano"]
[Black "Dominguez Perez, Leinier"]
[Result "1-0"]
[WhiteElo "2773"]
[BlackElo "2786"]
[Annotator "TA"]
[PlyCount "113"]
[EventDate "2020.05.24"]
[EventType "k.o."]
[SourceTitle "playchess.com"]
[Source "ChessBase"]
[SourceQuality "1"]

{[%evp 14,113,11,13,10,21,12,15,12,0,21,12,8,13,11,-10,0,-11,0,-17,9,0,0,7,0,0,2,0,6,0,25,-45,-33,-19,70,77,74,75,110,67,86,79,153,161,129,157,150,0,0,0,0,0,0,0,144,135,236,237,496,488,517,510,461,446,433,427,437,299,472,468,439,420,476,417,395,375,544,573,660,648,887,864,865,637,745,708,915,926,1127,1099,1425,1561,1604,1596,2785,2684,5137,5130,29977,29974,29983,6637]} 1. Nf3 d5 2. g3 c5 3. Bg2 e6 4. O-O Nf6 5. c4 d4 6. e3 Nc6 7. exd4 cxd4 8. d3 Bd6 {A13: English Opening: 1...e6.} 9. Bg5 h6 10. Bxf6 $1 Qxf6 {The position is equal.} 11. Nbd2 {[%cal Bb1d2,Bd2e4,Be4d6][%mdl 32]} Qe7 12. a3 a5 13. Re1 O-O 14. Rc1 $1 {[%mdl 4] is currently scoring better than 14.Nb3.} Bd7 15. Ne4 Bc7 16. c5 {[#]} Ra6 $146 ({Predecessor:} 16... Rfd8 17. Qb3 Be8 18. Nfd2 a4 19. Qa2 Ne5 20. Qb1 Bb5 21. Bf1 f5 22. Nd6 Bxd6 23. cxd6 Qxd6 {0-1 (29) Wagner,D (2550)-Fridman,D (2639) Berlin 2018}) 17. Nfd2 f5 18. Nd6 $1 Bxd6 19. cxd6 Qxd6 20. Qb3 Qb8 21. Rc5 Kh7 22. Nc4 (22. Bxc6 $11 Rxc6 23. Rxa5) 22... Qa7 $15 23. Rb5 Nd8 (23... a4 $11 24. Qd1 Na5) 24. a4 $1 $14 Bc6 (24... Bxb5 $2 25. axb5 Rb6 26. Ra1 $18) 25. Qa3 Kg8 26. Ne5 Bxg2 27. Kxg2 b6 (27... Re8 $142) 28. Qd6 $16 Qb7+ 29. Kg1 Re8 30. Nc4 (30. Rc1 $16 {Strongly threatening Rc7.} Nf7 31. Nxf7 (31. Qxd4 Rc8 $16) 31... Qxf7 32. Qxd4 (32. Rxb6 Rxb6 33. Qxb6 e5 $16)) 30... Nf7 $11 {[%cal Bd8f7,Bf7g5,Bg5h3][%mdl 32]} 31. Qxd4 Ng5 {Threatens to win with ...Nf3+.} 32. Ne5 {Black should prevent h4.} Nh3+ 33. Kf1 Raa8 {White leaves nothing to chance now.} (33... Qh1+ $1 $11 34. Ke2 Qxh2) 34. f3 $1 $36 {[%mdl 2048] Keeping Black busy.} ({Inferior is} 34. Qxb6 Qh1+ 35. Ke2 Qxh2 $11) 34... Rad8 (34... Rab8 $16 35. Qd7 Qxd7 36. Nxd7 Rbd8) 35. Qxb6 $18 ({But not} 35. Rxb6 $6 Qa7 $16) 35... Qa8 $2 (35... Qxb6 {was necessary.} 36. Rxb6 Ng5) 36. Rxa5 Qc8 {intending ...Qc2.} 37. Rc5 Qa8 38. Qc6 Qb8 39. Qb5 Qa8 40. Nc6 Rd6 (40... Rb8 $142) 41. Kg2 Ng5 42. h4 Nf7 43. d4 Kh7 44. a5 {[%cal Ba4a5,Ba5a6][%mdl 32]} Rc8 (44... Nd8 $142) 45. Rec1 Rc7 46. b4 g5 47. hxg5 Nxg5 48. a6 Rg7 49. Qe2 Qg8 50. Qe5 Nf7 51. Qf4 Qa8 52. b5 Rd7 {[#]} 53. d5 $1 Ng5 (53... Rxd5 54. Rxd5) 54. dxe6 Nxe6 55. Qxf5+ {[%mdl 64] Double Attack} Rg6 {[#]} 56. Ne5 $1 {[%mdl 576] Double Attack, Pin} Rd2+ 57. Kf1 {Accuracy: White = 84%, Black = 46%.} (57. Kh1 $142 Qe8 {[#]} 58. Rc7+ $1 {[%mdl 512]} Kg8 59. Rc8 $1 {[%mdl 512]} Nd8 60. Nxg6 Qd7 61. Qf8+ Kh7 62. Nf4) 1-0